• 首页
  • 本馆介绍
  • 公告通知
  • 最新文献
  • 馆藏检索
  • 电子资源
  • 读者导购
  • 参考咨询
  • 我的图书馆
  • 登录
  • 详细信息显示
  • 放入我的书架
  • 预约/预借图书
  • 作者相关作品
  • 分类相关作品
  • 丛书相关作品
  • 出版社相关作品

书目信息

  • 表格格式
  • 工作单格式
  • 卡片格式
题名:
潜类别尺度分析
    
 
作者: 戴顿 著 ;许多多 译
分册:  
出版信息: 上海   格致出版社  2017.02
页数: 131页
开本: 22cm
丛书名:
单 册:
中图分类: C34 , P432
科图分类:
主题词: 社会科学--尺度分析 , 理论气象学
电子资源:
ISBN: 978-7-5432-2703-3
000 01135nam0 2200277 450
001 4605
005 20181012140711.80
010    @a978-7-5432-2703-3@dCNY28.00
100    @a20170427d2017 em y0chiy50 ea
101 1  @achi@ceng
102    @aCN@b310000
105    @ay z 000yy
200 1  @a潜类别尺度分析@9qian lei bie chi du fen xi@f(美)C. 米切尔·戴顿(C. Mitchell Dayton)著@g许多多译
210    @a上海@c格致出版社@c上海人民出版社@d2017.02
215    @a131页@d22cm
300    @a格致方法·定量研究系列 54
330    @a本书通过实际例证来介绍潜类别尺度分析这一研究方法,讲解了针对二分类变量的潜类别尺度模型。这些实例涉及对学术舞弊的调查、儿童对于空间任务的掌握、对肺病的医疗诊断、对军队的态度,以及角色冲突中的行为。除此之外,作者还仔细回顾了用于潜类别分析的计算机程序,并提供了一个网站来跟踪有关方法的最新发展。
510 1  @aLatent class scaling analysis@zeng
606 0  @a社会科学@x尺度分析
606 0  @a理论气象学
690    @aC34@v5
690    @aP432@v4
701  0 @c(美)@a戴顿@9dai dun@c(Dayton, C. Mitchell)@4著
702  0 @a许多多@9xu duo duo@4译
801  0 @aCN@b91MARC@c20170427
905    @aMuseLib@dP432@e127
    
    潜类别尺度分析/(美)C. 米切尔·戴顿(C. Mitchell Dayton)著/许多多译.-上海:格致出版社:上海人民出版社,2017.02
    131页;22cm
    格致方法·定量研究系列 54
    
    ISBN 978-7-5432-2703-3:CNY28.00
    本书通过实际例证来介绍潜类别尺度分析这一研究方法,讲解了针对二分类变量的潜类别尺度模型。这些实例涉及对学术舞弊的调查、儿童对于空间任务的掌握、对肺病的医疗诊断、对军队的态度,以及角色冲突中的行为。除此之外,作者还仔细回顾了用于潜类别分析的计算机程序,并提供了一个网站来跟踪有关方法的最新发展。
●
相关链接 在E读中查询图书 在五车中查询图书 在当当中查询图书 在豆瓣中查询图书


正题名:潜类别尺度分析     索取号:P432/127         预约/预借

序号 登录号 条形码 馆藏地/架位号 状态 备注
1 1125936   211259369   第二样本阅览室/ [索取号:P432/127] 在馆    
2 1125937   211259378   第三借阅区/ [索取号:P432/127] 在馆    
3 1125938   211259387   第三借阅区/ [索取号:P432/127] 在馆    
4 1125939   211259396   第三借阅区/ [索取号:P432/127] 在馆    
5 1125940   211259403   数信系资料室/ [索取号:P432/127] 在馆    
唐山师范学院图书馆 欢迎您!
大连网信软件有限公司© 版权所有